00645nam a2200253Ia 4500008004100000020001800041050001700059050001400076100002500090245005100115245002400166250001600190260002600206260001400232260000900246300001600255300001600271300001200287500002000299650001500319650001800334650002300352650001600375160216s9999 xx 000 0 und d a0-7216-0045-X aMAIN QP 34.5 b.S65 2003 aSolomon, Eldra Pearl aIntroduction to human anatomy and physiology / cEldra Pearl Solomon a2nd Edition aSt. Louis, Missouri : bSaunders. c2003 a340 pages : bcol. ill. ; c28 cm.  aIncludes index. aAnatamoy.  aHuman anatomy aHuman physiology.  aPhysiology.